Statistics for Formula One Champions Quiz

Click here to take the quiz!

General Stats

  • This quiz has been taken 182 times
  • The average score is 58 of 67

Answer Stats

YearChampion% Correct
1982Keke Rosberg
97%
2015Lewis Hamilton
97%
2014Lewis Hamilton
97%
2008Lewis Hamilton
97%
1991Ayrton Senna
96%
1990Ayrton Senna
96%
1988Ayrton Senna
96%
2005Fernando Alonso
96%
2006Fernando Alonso
96%
2016Nico Rosberg
96%
2012Sebastian Vettel
95%
2010Sebastian Vettel
95%
2013Sebastian Vettel
95%
2011Sebastian Vettel
95%
2009Jenson Button
94%
2002Michael Schumacher
94%
1995Michael Schumacher
94%
2000Michael Schumacher
94%
1994Michael Schumacher
94%
2001Michael Schumacher
94%
2003Michael Schumacher
94%
2004Michael Schumacher
94%
1993Alain Prost
91%
1989Alain Prost
91%
1986Alain Prost
91%
1985Alain Prost
91%
1996Damon Hill
91%
1968Graham Hill
91%
1962Graham Hill
91%
2007Kimi Räikkönen
91%
1961Phil Hill
91%
1957Juan Manuel Fangio
89%
1951Juan Manuel Fangio
89%
1956Juan Manuel Fangio
89%
1955Juan Manuel Fangio
89%
1954Juan Manuel Fangio
89%
1992Nigel Mansell
89%
1984Niki Lauda
89%
1977Niki Lauda
89%
1975Niki Lauda
89%
1997Jacques Villeneuve
88%
1998Mika Häkkinen
85%
1999Mika Häkkinen
85%
1983Nelson Piquet
85%
1987Nelson Piquet
85%
1981Nelson Piquet
85%
1952Alberto Ascari
81%
1953Alberto Ascari
81%
1973Jackie Stewart
80%
1971Jackie Stewart
80%
1969Jackie Stewart
80%
1976James Hunt
79%
1950Giuseppe Farina
78%
1966Jack Brabham
78%
1960Jack Brabham
78%
1959Jack Brabham
78%
1974Emerson Fittipaldi
76%
1972Emerson Fittipaldi
76%
1980Alan Jones
74%
1965Jim Clark
74%
1963Jim Clark
74%
1978Mario Andretti
74%
1979Jody Scheckter
73%
1970Jochen Rindt
72%
1964John Surtees
70%
1967Denny Hulme
67%
1958Mike Hawthorn
67%

Score Distribution

Percentile by Number Answered

Percent of People with Each Score

Your Score History

You have not taken this quiz